Fluid Mechanics and hydraulic machines / (Record no. 39649)

MARC details
000 -LEADER
fixed length control field 01829nam a22003017a 4500
005 - DATE AND TIME OF LATEST TRANSACTION
control field 20100806113949.0
010 ## - LCCN (DPL NO)
LC control number ENG-98554
020 ## - INTERNATIONAL STANDARD BOOK NUMBER
International Standard Book Number 9780070699809
Terms of availability 450.00
035 ## - SYSTEM CONTROL NUMBER
System control number EN-82087
035 ## - SYSTEM CONTROL NUMBER
System control number B-424691-695
037 ## - SOURCE OF ACQUISITION
Source of stock number/acquisition DBAD/PUB
037 ## - SOURCE OF ACQUISITION
Source of stock number/acquisition Blueberry Books
082 ## - DEWEY DECIMAL CLASSIFICATION NUMBER
Classification number 620.106
100 ## - MAIN ENTRY--PERSONAL NAME
Personal name Subramanya, K
245 ## - TITLE STATEMENT
Title Fluid Mechanics and hydraulic machines /
Statement of responsibility, etc by K Subramanya /
260 ## - PUBLICATION, DISTRIBUTION, ETC. (IMPRINT)
Place of publication, distribution, etc New Delhi
Name of publisher, distributor, etc Tata McGraw Hill
Date of publication, distribution, etc 2011
270 ## - ADDRESS
Address 7 West Patel Nagar
City New Delhi
Postal code 110008
300 ## - PHYSICAL DESCRIPTION
Extent xiv,633p
Dimensions 24cm(pbk)
500 ## - GENERAL NOTE
General note Includes index
942 ## - ADDED ENTRY ELEMENTS (KOHA)
Source of classification or shelving scheme Dewey Decimal Classification
Item type English Books
Classification part 620.106
Call number suffix SUB
Holdings
Withdrawn status Lost status Not for loan Collection code Home library Current library Date acquired Source of acquisition Cost, normal purchase price Full call number Barcode Copy number Cost, replacement price Koha item type Public note
      Non-fiction Central Library Central Library 22/06/2011 Blueberry Books/6310/11.3.11/7/4.3.11/22.3.11 450.00 620.106 SUB B-424691 1 450.00 English Books Legal Case (Register 2018)
    Not For Loan Non-fiction D.B.Act.Division D.B.Act.Division 06/08/2010 DBAD/PUB 450.00 620.106 SUB EN-82087 1 450.00 English Books  
      Non-fiction Patel Nagar Patel Nagar 22/06/2011 Blueberry Books/6310/11.3.11/7/4.3.11/22.3.11 450.00 620.106 SUB B-424692 1 450.00 English Books  
  Written-off vide DLB M. No. 383 dt 16.05.19   Non-fiction Sarojini Nagar Sarojini Nagar 22/06/2011 Blueberry Books/6310/11.3.11/7/4.3.11/22.3.11 450.00 620.106 SUB B-424693 1 450.00 English Books  
      Non-fiction Shahdara Branch Shahdara Branch 22/06/2011 Blueberry Books/6310/11.3.11/7/4.3.11/22.3.11 450.00 620.106 SUB B-424695 1 450.00 English Books  
  Written-off vide DLB M. No. 383 dt 16.05.19   Non-fiction Vinoba Puri Vinoba Puri 22/06/2011 Blueberry Books/6310/11.3.11/7/4.3.11/22.3.11 450.00 620.106 SUB B-424694 1 450.00 English Books  

© Delhi Public Library
Hit Counter
free hit counter